The Reinforced Concrete Design Handbook (A companion to ACI318-14) : Mmber Design SP-17(14) - Vol -2 (Record no. 532867)
[ view plain ]
| 000 -LEADER | |
|---|---|
| fixed length control field | 00452nam a22001697a 4500 |
| 003 - CONTROL NUMBER IDENTIFIER | |
| control field | NUST |
| 005 - DATE AND TIME OF LATEST TRANSACTION | |
| control field | 20191204112616.0 |
| 008 - FIXED-LENGTH DATA ELEMENTS--GENERAL INFORMATION | |
| fixed length control field | 191204b ||||| |||| 00| 0 eng d |
| 038 ## - RECORD CONTENT LICENSOR | |
| Staff Name | MSOHAIL |
| 082 ## - DEWEY DECIMAL CLASSIFICATION NUMBER | |
| Classification number | 624.1834 |
| Author Mark | ACI |
| 100 ## - MAIN ENTRY--PERSONAL NAME | |
| Personal name | ACI |
| 9 (RLIN) | 26478 |
| 245 ## - TITLE STATEMENT | |
| Title | The Reinforced Concrete Design Handbook (A companion to ACI318-14) : Mmber Design SP-17(14) - Vol -2 |
| 250 ## - EDITION STATEMENT | |
| Edition statement | V-2 |
| 260 ## - PUBLICATION, DISTRIBUTION, ETC. | |
| Place of publication, distribution, etc. | USA |
| Name of publisher, distributor, etc. | ACI |
| Date of publication, distribution, etc. | 2015 |
| 300 ## - PHYSICAL DESCRIPTION | |
| Extent | 400,p; |
| 942 ## - ADDED ENTRY ELEMENTS (KOHA) | |
| Source of classification or shelving scheme | |
| Koha item type | Book |
| Withdrawn status | Lost status | Source of classification or shelving scheme | Damaged status | Not for loan | Permanent Location | Current Location | Date acquired | Total Checkouts | Full call number | Barcode | Date last seen | Price effective from | Koha item type |
|---|---|---|---|---|---|---|---|---|---|---|---|---|---|
| School of Civil and Environmental Engineering (SCEE) | School of Civil and Environmental Engineering (SCEE) | 12/04/2019 | 624.1834 ACI | NIT-12676 | 12/04/2019 | 12/04/2019 | Book |
